| 000 | 01983cam a22003855a 4500 | ||
|---|---|---|---|
| 001 | L158512 115353 | ||
| 005 | 20250929141839.0 | ||
| 008 | 081030s2015 xxk f v 000 0 eng d | ||
| 020 | _a9781783210923 | ||
| 035 | _a(Sirsi) u158512 | ||
| 041 | 0 | _aeng | |
| 050 | 0 | 4 | _a692.5 $2 18 |
| 110 | 2 |
_aRoyal Institution of Chartered Surveyors _94900 |
|
| 245 | 0 | 0 |
_aLender's independent monitoring surveyor _h[electronic resource] |
| 260 |
_aLondon _bRICS _c2015 |
||
| 300 | _a28 p. | ||
| 490 | 0 | _aRICS Guidance Note | |
| 490 | 0 | _aRICS Practice Information | |
| 490 | 0 | _aRICS Black Book | |
| 520 | _aHas been developed to support the work of chartered surveyors who assess risks and provide technical advice to those who provide third-party finance on real estate developments: a lender?s independent monitoring surveyor. Covers project structure, conflicts of interest, technical due diligence, financial close/contract completion, practical completion, and risk analysis. | ||
| 520 | _aThis document was reissued in September 2025 as practice information. It had previously been published in March 2015 as a guidance note. The regulatory requirements remain the same and no material changes have been made to the document. | ||
| 521 | _aAdvanced | ||
| 590 | _aKA | ||
| 650 | 2 | 4 | _aMANAGEMENT-BUSINESS MANAGEMENT-FINANCIAL MANAGEMENT |
| 650 | 2 | 4 | _aREAL ESTATE INVESTMENT |
| 650 | 2 | 4 | _aBLACK BOOK |
| 650 | 2 | 4 | _aRICS QS AND CONSTRUCTION STANDARDS |
| 651 | 4 | _aUnited Kingdom | |
| 690 |
_aQuantity surveying _96263 |
||
| 700 | 1 | _aDavies, Eddie | |
| 700 | 1 | _aDuck, Michael | |
| 856 | 4 | 1 |
_uhttps://www.rics.org/profession-standards/rics-standards-and-guidance/sector-standards/construction-standards/black-book/lenders-independent-monitoring-surveyor _zOverview page on RICS.org |
| 856 | 4 | 1 |
_uhttps://www.rics.org/content/dam/ricsglobal/documents/standards/Lenders-Independent-Monitoring-Surveyor_1st-edition.pdf _zRICS Practice Information PDF |
| 942 |
_n0 _2ddc |
||
| 999 |
_c115353 _d115353 |
||